000
00337nam a2200157Ia 4500
003
SGT
005
20260530122944.0
082
_a
530
_b
A04F
100
_a
FLITTER , HESSEL H.
245
_a
AN INTRODUCTION TO PHYSICS IN NURSING
250
_a
7TH
260
_b
AITBS
_a
DELHI
_c
2004
300
_a
283
650
_a
NURSING
942
_2
ddc
_c
BK
999
_c
1850
_d
1850